[Event "87o Campeonato Brasileiro Absoluto Final Aberta"]
[Site "Cuiaba MT"]
[Date "2021.11.03"]
[Round "10"]
[Board "75"]
[White "Teixeira, Jonas Carvalho"]
[Black "Bocca, Edson Ricardo"]
[Result "1-0"]
[WhiteElo "1785"]
[BlackElo "1617"]
[PlyCount "53"]
[EventDate "2021.10.28"]
[EventRounds "11"]
[EventCountry "BRA"]

1. e4 e5 2. Nf3 Nc6 3. Bc4 d6 4. h3 h6 5. O-O Nf6 6. d3 Qe7 7. c3 Be6 8. Bb5
Bd7 9. Be3 a6 10. Ba4 Na5 11. Bc2 Nh7 12. d4 Nc6 13. d5 Nd8 14. Nbd2 Ng5 15.
Re1 g6 16. Nf1 f5 17. exf5 gxf5 18. Nd4 Qf6 19. Ng3 e4 20. h4 Ngf7 21. Qh5 Bg7
22. Ndxf5 Bxf5 23. Nxf5 O-O 24. Bxe4 Ne5 25. f4 Qf7 26. Nxh6+ Bxh6 27. Qxh6  1-0

[Event "87o Campeonato Brasileiro Absoluto Final Aberta"]
[Site "Cuiaba MT"]
[Date "2021.11.03"]
[Round "10"]
[Board "76"]
[White "Da Silva Santos, Jarlison"]
[Black "Olivo, Anibal Ribeiro"]
[Result "1-0"]
[WhiteElo "1774"]
[BlackElo "1588"]
[PlyCount "115"]
[EventDate "2021.10.28"]
[EventRounds "11"]
[EventCountry "BRA"]

1. e4 e5 2. Nf3 Nc6 3. Bc4 Bc5 4. Nc3 Nf6 5. d3 h6 6. O-O d6 7. h3 Na5 8. Bb3
Nxb3 9. axb3 a6 10. Ne2 O-O 11. Ng3 Ba7 12. b4 b5 13. Re1 c6 14. c3 Re8 15. Be3
Qc7 16. Qd2 Bxe3 17. Qxe3 a5 18. Ra3 a4 19. b3 Be6 20. bxa4 Rxa4 21. Rxa4 bxa4
22. Ra1 Ra8 23. Ra3 Nd7 24. Nd2 c5 25. b5 Nb6 26. c4 g5 27. Ne2 f5 28. Nc3 fxe4
29. Qxe4 Kg7 30. Nf1 Qd7 31. Ne3 Qe8 32. Ned5 Bxd5 33. Nxd5 Nxd5 34. Qxd5 Qb8
35. Qc6 Ra7 36. b6 Ra6 37. Rxa4 Rxa4 38. Qxa4 Qxb6 39. Qd7+ Kg6 40. Qe6+ Kg7
41. Qf5 Qc7 42. Qe6 Qd8 43. f3 Qf6 44. Qd7+ Kg6 45. Kf2 h5 46. g3 Kh6 47. Ke3
h4 48. Qg4 hxg3 49. Qxg3 Kg6 50. Qg4 Kh6 51. Ke4 Kg6 52. h4 Qf4+ 53. Qxf4 exf4
54. hxg5 Kxg5 55. d4 cxd4 56. Kxd4 Kh4 57. Kd5 Kg3 58. Ke4  1-0

[Event "87o Campeonato Brasileiro Absoluto Final Aberta"]
[Site "Cuiaba MT"]
[Date "2021.11.03"]
[Round "10"]
[Board "77"]
[White "Borges, Ivoney"]
[Black "Rosa, Diego Jesus Vieira"]
[Result "1-0"]
[WhiteElo "1767"]
[BlackElo "1558"]
[PlyCount "85"]
[EventDate "2021.10.28"]
[EventRounds "11"]
[EventCountry "BRA"]

1. e4 e5 2. Nf3 d6 3. d4 Nd7 4. Bc4 Be7 5. dxe5 Nxe5 6. Nxe5 dxe5 7. Qh5 g6 8.
Qxe5 Nf6 9. Bh6 Rg8 10. f3 Qd6 11. Qxd6 Bxd6 12. Bg5 Be5 13. c3 Nh5 14. g3 Bf6
15. Bxf6 Nxf6 16. Na3 a6 17. O-O-O Bd7 18. Nc2 Rf8 19. Rd2 O-O-O 20. Rhd1 b5
21. Bf1 Bc6 22. Rxd8+ Rxd8 23. Rxd8+ Kxd8 24. Nb4 Bb7 25. Nd3 Bc6 26. b4 Nd7
27. Bh3 g5 28. Bf5 h5 29. Kd2 g4 30. Bxd7 Kxd7 31. Ne5+ Kd6 32. Nxc6 Kxc6 33.
f4 f6 34. Ke3 Kd6 35. Kd4 c6 36. a3 Ke6 37. Kc5 f5 38. exf5+ Kxf5 39. Kxc6 h4
40. Kd5 hxg3 41. hxg3 Kf6 42. c4 Kf5 43. c5  1-0

[Event "87o Campeonato Brasileiro Absoluto Final Aberta"]
[Site "Cuiaba MT"]
[Date "2021.11.03"]
[Round "10"]
[Board "78"]
[White "Messias, Jose Vitor Lamosa Prado"]
[Black "Pironti, Francisco Ferrari"]
[Result "0-1"]
[WhiteElo "1762"]
[BlackElo "1499"]
[PlyCount "98"]
[EventDate "2021.10.28"]
[EventRounds "11"]
[EventCountry "BRA"]

1. e4 c5 2. d4 cxd4 3. c3 Nf6 4. e5 Nd5 5. Nf3 g6 6. cxd4 Bg7 7. Bc4 Nb6 8. Bb3
O-O 9. O-O d6 10. h3 Nc6 11. Bf4 Na5 12. Nc3 dxe5 13. Bxe5 Nxb3 14. Qxb3 Be6
15. Qd1 Rc8 16. Bxg7 Kxg7 17. Rc1 Nd5 18. Ne4 b6 19. Qd2 Nf6 20. Nxf6 exf6 21.
Rxc8 Qxc8 22. d5 Rd8 23. d6 Qc6 24. Rd1 Bxh3 25. Rc1 Qe4 26. gxh3 Qxf3 27. Rc7
Qxh3 28. Qd5 Rd7 29. Qc6 Qg4+ 30. Kf1 Qd1+ 31. Kg2 Rxd6 32. Qe8 Qd5+ 33. Kh2
Qe5+ 34. Qxe5 fxe5 35. Rc2 Rd3 36. Kg2 h5 37. b3 Kh6 38. Rc7 f5 39. Rxa7 Rd2
40. Ra6 e4 41. Kf1 h4 42. a4 h3 43. Kg1 f4 44. Rxb6 e3 45. fxe3 h2+ 46. Kh1
fxe3 47. Re6 e2 48. a5 Rd1+ 49. Kxh2 e1=Q  0-1

[Event "87o Campeonato Brasileiro Absoluto Final Aberta"]
[Site "Cuiaba MT"]
[Date "2021.11.03"]
[Round "10"]
[Board "79"]
[White "Paniago, Lucio Erloiny Silva"]
[Black "Assad, Leonardo Vaz De Figueiredo"]
[Result "0-1"]
[WhiteElo "1493"]
[BlackElo "1745"]
[PlyCount "132"]
[EventDate "2021.10.28"]
[EventRounds "11"]
[EventCountry "BRA"]

1. d4 Nf6 2. c4 g6 3. Nc3 d5 4. cxd5 Nxd5 5. Nf3 Bg7 6. g3 Nxc3 7. bxc3 c5 8.
Bg2 O-O 9. O-O cxd4 10. cxd4 Nc6 11. Bb2 Qb6 12. Qd2 Rd8 13. e3 Bf5 14. Bc3 Be4
15. Qb2 Qa6 16. Rfd1 b6 17. Bf1 Qb7 18. Nd2 Bf5 19. Bg2 Qd7 20. Qb5 Rac8 21.
Rac1 Bh3 22. Ba1 Bxg2 23. Kxg2 Qb7 24. f3 e6 25. Nb3 a6 26. Qe2 Nb4 27. a3 Nd5
28. e4 Nf6 29. Rc2 Rxc2 30. Qxc2 Rc8 31. Qd3 Rc6 32. Rc1 Rxc1 33. Nxc1 Qc6 34.
Qc3 Qd7 35. Nd3 Ne8 36. Nb4 Nc7 37. Nc2 Nb5 38. Qc4 Qc7 39. Qxc7 Nxc7 40. Kf2
Kf8 41. Ke3 Ke8 42. Kd3 Kd7 43. Nb4 Bf8 44. Nc2 Kc6 45. Kc4 b5+ 46. Kb3 a5 47.
Bc3 Kb6 48. Ne3 h5 49. h3 Bh6 50. Nc2 Ne8 51. Ne1 Nd6 52. Nd3 Nc4 53. Ne5 Nxe5
54. dxe5 Be3 55. Kc2 Bc5 56. Bb2 Bf2 57. g4 Kc5 58. Kd3 b4 59. f4 hxg4 60. hxg4
a4 61. f5 Be1 62. Bc1 Bc3 63. axb4+ Kxb4 64. Ba3+ Kb3 65. fxg6 fxg6 66. g5 Bxe5
 0-1

[Event "87o Campeonato Brasileiro Absoluto Final Aberta"]
[Site "Cuiaba MT"]
[Date "2021.11.03"]
[Round "10"]
[Board "80"]
[White "Vargas, Roberto Carlos Melgarejo"]
[Black "Serafim, Paulo Rogerio"]
[Result "1-0"]
[WhiteElo "1722"]
[BlackElo "1441"]
[PlyCount "51"]
[EventDate "2021.10.28"]
[EventRounds "11"]
[EventCountry "BRA"]

1. d4 Nf6 2. Bf4 e6 3. e3 c5 4. c3 Qb6 5. Qc1 Nc6 6. Nf3 cxd4 7. exd4 d5 8.
Nbd2 Bd7 9. Bd3 Rc8 10. Nb3 Be7 11. Qd1 Na5 12. O-O Ba4 13. Bc2 Nc4 14. Rb1 Nh5
15. Be5 f6 16. Ng5 g6 17. Nxh7 fxe5 18. Bxg6+ Kd7 19. Qxh5 Bxb3 20. axb3 Nd2
21. Qxe5 Nxb1 22. Rxb1 Qxb3 23. Re1 Qb6 24. Bf5 Rce8 25. Bxe6+ Qxe6 26. Qxe6+
 1-0

[Event "87o Campeonato Brasileiro Absoluto Final Aberta"]
[Site "Cuiaba MT"]
[Date "2021.11.03"]
[Round "10"]
[Board "81"]
[White "Boabaid, Jorge Alberto Duardes"]
[Black "Paludo, Nicolas Luis Escarantte"]
[Result "1-0"]
[WhiteElo "1712"]
[BlackElo "1821"]
[PlyCount "45"]
[EventDate "2021.10.28"]
[EventRounds "11"]
[EventCountry "BRA"]

1. d4 e6 2. c4 Bb4+ 3. Nd2 Nf6 4. Ngf3 Ne4 5. a3 Bxd2+ 6. Nxd2 Nxd2 7. Bxd2 d5
8. Bf4 Nc6 9. e3 O-O 10. Rc1 Re8 11. Bd3 e5 12. dxe5 Nxe5 13. Bxh7+ Kf8 14.
cxd5 g6 15. Bh6+ Ke7 16. Bg7 Rh8 17. Bxe5 Rxh7 18. Rxc7+ Bd7 19. Qd4 Kf8 20.
Rxb7 Qa5+ 21. b4 Qxa3 22. Rxd7 Qc1+ 23. Qd1  1-0

[Event "87o Campeonato Brasileiro Absoluto Final Aberta"]
[Site "Cuiaba MT"]
[Date "2021.11.03"]
[Round "10"]
[Board "84"]
[White "Peres, Wallafe Moreira"]
[Black "Bueno, Marcos Antonio Ferreira"]
[Result "0-1"]
[WhiteElo "1770"]
[BlackElo "1661"]
[PlyCount "66"]
[EventDate "2021.10.28"]
[EventRounds "11"]
[EventCountry "BRA"]

1. g4 d5 2. Bg2 Bxg4 3. c4 Nf6 4. Qb3 Bc8 5. cxd5 Na6 6. d4 g6 7. e4 Qd6 8. Bd2
e5 9. dxe5 Qxe5 10. Bc3 Qg5 11. Qb5+ Kd8 12. Nd2 Be7 13. e5 Qxg2 14. exf6 Bd6
15. O-O-O Qxh1 16. Re1 Qxh2 17. Ngf3 Qxf2 18. Re2 Qc5 19. Qb3 Nb4 20. Ne4 Bf4+
21. Kd1 Qxd5+ 22. Qxd5+ Nxd5 23. Ne5 Nxc3+ 24. Nxc3 Be6 25. Re4 Bxe5 26. Rxe5
Kd7 27. Kd2 Rad8 28. b4 Kc8+ 29. Ke2 Rhe8 30. Kf3 Rd3+ 31. Re3 Bg4+ 32. Kxg4
Rexe3 33. Nb5 a6  0-1

[Event "87o Campeonato Brasileiro Absoluto Final Aberta"]
[Site "Cuiaba MT"]
[Date "2021.11.03"]
[Round "10"]
[Board "89"]
[White "Sovinski, Marcos Roberto"]
[Black "Cinta Larga, Carlos Eduardo Dos Santos"]
[Result "1/2-1/2"]
[WhiteElo "1800"]
[BlackElo "1742"]
[PlyCount "58"]
[EventDate "2021.10.28"]
[EventRounds "11"]
[EventCountry "BRA"]

1. e4 c5 2. Nf3 d6 3. Bb5+ Bd7 4. Bxd7+ Nxd7 5. O-O Ngf6 6. Qe2 e5 7. d3 Be7 8.
Bg5 b5 9. a3 a5 10. Nbd2 O-O 11. Nh4 Nd5 12. Bxe7 Qxe7 13. Nf5 Qf6 14. Qg4 Nf4
15. g3 Ng6 16. h4 Kh8 17. Kg2 Nb6 18. Rh1 Ne7 19. Nxe7 Qxe7 20. h5 Na4 21. b3
Nc3 22. Nf3 g6 23. hxg6 fxg6 24. Rxh7+ Qxh7 25. Rh1 Qxh1+ 26. Kxh1 Kg7 27. Qd7+
Kh6 28. Qxd6 Rxf3 29. Qxe5 Nd1  1/2-1/2

[Event "87o Campeonato Brasileiro Absoluto Final Aberta"]
[Site "Cuiaba MT"]
[Date "2021.11.04"]
[Round "11"]
[Board "1"]
[White "Supi, Luis Paulo"]
[Black "Cunha, Lucas Aguiar"]
[Result "1-0"]
[WhiteElo "2572"]
[BlackElo "2290"]
[PlyCount "75"]
[EventDate "2021.10.28"]
[EventRounds "11"]
[EventCountry "BRA"]

1. e4 c5 2. Nf3 e6 3. c3 d5 4. exd5 Qxd5 5. d4 Nf6 6. Na3 Nc6 7. Be3 cxd4 8.
Nb5 Qd8 9. Nbxd4 Nxd4 10. Bxd4 Be7 11. Bd3 Qc7 12. Qe2 a6 13. O-O O-O 14. Rad1
Rd8 15. Be5 Qb6 16. Ng5 h6 17. Ne4 Nd7 18. Bg3 Nf8 19. b3 Qa5 20. b4 Qb6 21.
Nd2 Bd7 22. Nc4 Qa7 23. Bc7 Rdc8 24. Bb6 Qb8 25. Bd4 Bd8 26. Ne5 Be8 27. f4 f6
28. Ng4 f5 29. Ne5 b5 30. Qf2 a5 31. a3 axb4 32. axb4 Nh7 33. Qb2 Nf6 34. Qb3
Kh7 35. Qxe6 g6 36. Nd7 Rc6 37. Nf8+ Kg7 38. Qxe8  1-0

[Event "87o Campeonato Brasileiro Absoluto Final Aberta"]
[Site "Cuiaba MT"]
[Date "2021.11.04"]
[Round "11"]
[Board "2"]
[White "Gauche, Charles"]
[Black "Lima, Darcy"]
[Result "0-1"]
[WhiteElo "2155"]
[BlackElo "2508"]
[PlyCount "42"]
[EventDate "2021.10.28"]
[EventRounds "11"]
[EventCountry "BRA"]

1. Nf3 Nf6 2. c4 g6 3. g3 Bg7 4. Bg2 d5 5. O-O O-O 6. Qc2 d4 7. d3 c5 8. e4 Nc6
9. h3 Ne8 10. Ne1 e5 11. f4 Nd6 12. Qe2 Qe7 13. g4 exf4 14. Bxf4 f5 15. gxf5
Nxf5 16. Nc2 Nh4 17. Nd2 Nxg2 18. Qxg2 Qh4 19. Bg3 Rxf1+ 20. Rxf1 Qxh3 21. Bd6
Qxd3  0-1

[Event "87o Campeonato Brasileiro Absoluto Final Aberta"]
[Site "Cuiaba MT"]
[Date "2021.11.04"]
[Round "11"]
[Board "3"]
[White "Fier, Alexandr"]
[Black "Molina, Roberto Junio Brito"]
[Result "1-0"]
[WhiteElo "2563"]
[BlackElo "2434"]
[PlyCount "111"]
[EventDate "2021.10.28"]
[EventRounds "11"]
[EventCountry "BRA"]

1. e4 c5 2. Nf3 e6 3. d4 cxd4 4. Nxd4 a6 5. Bd3 Qc7 6. O-O Bc5 7. Nb3 Ba7 8.
Qg4 g6 9. Kh1 Nc6 10. f4 d5 11. exd5 Nf6 12. Qh4 Nxd5 13. Nc3 Nxc3 14. bxc3 Qe7
15. Qh6 f5 16. c4 Bd7 17. a4 Bb8 18. Bb2 Rg8 19. Ba3 Bd6 20. c5 Bc7 21. Nd2 Qg7
22. Qxg7 Rxg7 23. Nc4 g5 24. Rae1 O-O-O 25. Bb2 Rg6 26. fxg5 Rdg8 27. Bc1 Nb4
28. Be2 Bxa4 29. h4 Bc6 30. Nd6+ Bxd6 31. cxd6 Nxc2 32. Rd1 Kd7 33. Kh2 h6 34.
Bh5 R6g7 35. Rf2 hxg5 36. Rxc2 Rh7 37. Bf3 Rxh4+ 38. Kg1 Rgh8 39. Bxg5 Rh1+ 40.
Kf2 Rxd1 41. Bxd1 Rg8 42. Bf4 Rxg2+ 43. Ke3 Rxc2 44. Bxc2 a5 45. Kd4 b6 46. Be5
Bd5 47. Bf4 Bc6 48. Ke5 b5 49. Be3 b4 50. Bb3 a4 51. Bxe6+ Ke8 52. Bxf5 a3 53.
Bc5 a2 54. Bd4 b3 55. Be6 Ba4 56. Bc4  1-0

[Event "87o Campeonato Brasileiro Absoluto Final Aberta"]
[Site "Cuiaba MT"]
[Date "2021.11.04"]
[Round "11"]
[Board "4"]
[White "Mekhitarian, Krikor Sevag"]
[Black "Umetsubo, Cesar Hidemitsu"]
[Result "1-0"]
[WhiteElo "2560"]
[BlackElo "2379"]
[PlyCount "58"]
[EventDate "2021.10.28"]
[EventRounds "11"]
[EventCountry "BRA"]

1. c4 e6 2. Nc3 d5 3. d4 Be7 4. cxd5 exd5 5. Bf4 c6 6. e3 Bd6 7. Bxd6 Qxd6 8.
Bd3 Ne7 9. Qc2 g6 10. f3 Nf5 11. Bxf5 Bxf5 12. e4 dxe4 13. fxe4 Bg4 14. h3 Qg3+
15. Qf2 Qxf2+ 16. Kxf2 Be6 17. Nf3 f6 18. d5 Bf7 19. Rad1 Nd7 20. dxc6 bxc6 21.
Rd6 Rc8 22. Rhd1 Rc7 23. Nd4 O-O 24. Rxc6 Rb7 25. b3 Ne5 26. Ra6 Rd8 27. Ke3
Rbd7 28. Rxf6 Bc4 29. Rf2 Ba6  1-0

[Event "87o Campeonato Brasileiro Absoluto Final Aberta"]
[Site "Cuiaba MT"]
[Date "2021.11.04"]
[Round "11"]
[Board "5"]
[White "Filgueiras, Nathan Felipe"]
[Black "Oliveira, Silvio Eduardo"]
[Result "1/2-1/2"]
[WhiteElo "2312"]
[BlackElo "2321"]
[PlyCount "43"]
[EventDate "2021.10.28"]
[EventRounds "11"]
[EventCountry "BRA"]

1. e4 e5 2. Nf3 Nc6 3. Bc4 Nf6 4. d3 Bc5 5. O-O h6 6. c3 d6 7. Nbd2 O-O 8. Re1
a6 9. Bb3 Be6 10. Nf1 Ba7 11. h3 Qd7 12. Ng3 Rfe8 13. Bc2 d5 14. exd5 Bxd5 15.
Nh4 Bc5 16. Nhf5 Bf8 17. Be3 Rad8 18. d4 exd4 19. Nxd4 Nxd4 20. Bxd4 Rxe1+ 21.
Qxe1 Qc6 22. Qf1  1/2-1/2

[Event "87o Campeonato Brasileiro Absoluto Final Aberta"]
[Site "Cuiaba MT"]
[Date "2021.11.04"]
[Round "11"]
[Board "6"]
[White "Barbosa, Evandro Amorim"]
[Black "Bittencourt, Jorge"]
[Result "1/2-1/2"]
[WhiteElo "2509"]
[BlackElo "2414"]
[PlyCount "46"]
[EventDate "2021.10.28"]
[EventRounds "11"]
[EventCountry "BRA"]

1. e4 e5 2. Nf3 Nc6 3. Bb5 a6 4. Ba4 Nf6 5. O-O b5 6. Bb3 Bc5 7. a4 Rb8 8. axb5
axb5 9. Nxe5 Nxe5 10. d4 Bxd4 11. Qxd4 d6 12. f4 Nc6 13. Qc3 Ne7 14. Ra7 c5 15.
e5 Nfd5 16. Bxd5 Nxd5 17. Qd2 Qb6 18. Ra3 c4+ 19. Kh1 b4 20. Rg3 Ne7 21. exd6
Nf5 22. Re1+ Be6 23. d7+ Kf8  1/2-1/2

[Event "87o Campeonato Brasileiro Absoluto Final Aberta"]
[Site "Cuiaba MT"]
[Date "2021.11.04"]
[Round "11"]
[Board "7"]
[White "Marra, Eduardo Da Costa"]
[Black "Santiago, Yago De Moura"]
[Result "0-1"]
[WhiteElo "2200"]
[BlackElo "2478"]
[PlyCount "96"]
[EventDate "2021.10.28"]
[EventRounds "11"]
[EventCountry "BRA"]

1. e4 c6 2. d4 d5 3. e5 c5 4. dxc5 e6 5. a3 Bxc5 6. Qg4 g6 7. Nf3 Nd7 8. Bd3
Be7 9. O-O h5 10. Qf4 Nc5 11. Be2 Nh6 12. Nc3 Bd7 13. Rd1 Nf5 14. Nd4 a6 15. a4
Qc7 16. Nxd5 exd5 17. e6 Bd6 18. exd7+ Nxd7 19. Qg5 Ne7 20. h3 Bh2+ 21. Kh1 Be5
22. Qe3 O-O 23. Bd2 Rfe8 24. c3 Nc6 25. Nxc6 bxc6 26. Qf3 Nc5 27. Be3 Ne6 28.
a5 Bf4 29. Bb6 Qd6 30. h4 Qe7 31. g3 Bc7 32. Be3 Nc5 33. Re1 Ne4 34. Bd3 Qd8
35. Bh6 f5 36. Kg2 Bxa5 37. Be3 Bb6 38. Bxa6 Bxe3 39. Qxe3 Rb8 40. Re2 Qd6 41.
Bd3 Nc5 42. Qf3 Re7 43. Rae1 Ne4 44. Qe3 Kh7 45. c4 Rb3 46. cxd5 Qxd5 47. Bxe4
Rxe4 48. Qa7+ Re7+  0-1

[Event "87o Campeonato Brasileiro Absoluto Final Aberta"]
[Site "Cuiaba MT"]
[Date "2021.11.04"]
[Round "11"]
[Board "8"]
[White "Di Berardino, Diego Rafael"]
[Black "Rodrigues, Edgar"]
[Result "1-0"]
[WhiteElo "2471"]
[BlackElo "2339"]
[PlyCount "51"]
[EventDate "2021.10.28"]
[EventRounds "11"]
[EventCountry "BRA"]

1. e4 e6 2. d4 d5 3. Nc3 Nf6 4. Bg5 Be7 5. e5 Nfd7 6. Bxe7 Qxe7 7. f4 O-O 8.
Nf3 c5 9. Qd2 Nc6 10. dxc5 Qxc5 11. O-O-O Nb6 12. h4 Bd7 13. h5 Na5 14. h6 g6
15. Qd4 Qe7 16. Qf2 Rfc8 17. Qh4 Qf8 18. Rd3 Be8 19. Nd4 Nac4 20. f5 Nxe5 21.
Re3 Nbc4 22. Bxc4 Nxc4 23. fxe6 Qb4 24. Nb3 fxe6 25. Rxe6 Bc6 26. Rxg6+  1-0

[Event "87o Campeonato Brasileiro Absoluto Final Aberta"]
[Site "Cuiaba MT"]
[Date "2021.11.04"]
[Round "11"]
[Board "9"]
[White "Cadilhac, Igor Tokuichi Kikuchi"]
[Black "Quintiliano Pinto, Renato R."]
[Result "1/2-1/2"]
[WhiteElo "2323"]
[BlackElo "2469"]
[PlyCount "82"]
[EventDate "2021.10.28"]
[EventRounds "11"]
[EventCountry "BRA"]

1. e4 c5 2. Nf3 d6 3. d4 cxd4 4. Nxd4 Nf6 5. f3 e6 6. c4 Nc6 7. Nc3 Be7 8. Be3
O-O 9. Rc1 d5 10. cxd5 exd5 11. exd5 Nb4 12. Bc4 Nfxd5 13. Nxd5 Nxd5 14. Bxd5
Qxd5 15. Qb3 Qa5+ 16. Kf2 Bf6 17. Rhd1 Rd8 18. Rc4 Bd7 19. Rdc1 b5 20. Qc3 Qxa2
21. Rc5 Be8 22. Rc2 Qa1 23. Rd2 Qh1 24. Bg5 Rxd4 25. Rxd4 Bxd4+ 26. Qxd4 Qxh2
27. Bh4 Qb8 28. Rg5 f6 29. Qxf6 Qb6+ 30. Qxb6 axb6 31. Bg3 h6 32. Rd5 Rc8 33.
Be5 Rc5 34. Rxc5 bxc5 35. Bd6 c4 36. g4 g6 37. f4 h5 38. Kg3 Bd7 39. gxh5 gxh5
40. Kh4 Be8 41. Kg5 Bf7  1/2-1/2

[Event "87o Campeonato Brasileiro Absoluto Final Aberta"]
[Site "Cuiaba MT"]
[Date "2021.11.04"]
[Round "11"]
[Board "11"]
[White "Araujo, Everson De Moura"]
[Black "Proudian, Armen"]
[Result "0-1"]
[WhiteElo "1965"]
[BlackElo "2427"]
[PlyCount "84"]
[EventDate "2021.10.28"]
[EventRounds "11"]
[EventCountry "BRA"]

1. Nf3 Nf6 2. g3 e6 3. c4 a6 4. d4 b5 5. b3 Bb7 6. Bg2 c5 7. O-O bxc4 8. bxc4
cxd4 9. Bb2 Be7 10. Nbd2 O-O 11. Bxd4 Nc6 12. Rb1 Qc8 13. Ba1 Rb8 14. Qa4 Qc7
15. Bc3 d6 16. Rfc1 Nd7 17. Nd4 Nc5 18. Rxb7 Rxb7 19. Qxc6 Qxc6 20. Nxc6 Bf6
21. Bxf6 gxf6 22. Ne4 Rb2 23. Nxc5 dxc5 24. a4 Rxe2 25. Rb1 Rc2 26. Bf1 Kg7 27.
a5 Rc8 28. Nb8 Ra2 29. Nxa6 Rxa5 30. Nb8 Ra8 31. Nd7 Ra7 32. Nb8 Ra8 33. Nd7
Rc7 34. Bg2 Ra2 35. Nb6 Rc2 36. Bf3 Ra7 37. Bd1 Rd2 38. Nc8 Ra8 39. Nb6 Rb8 40.
Bf3 Rd6 41. Rb5 Rbxb6 42. Rxc5 Rb2  0-1

[Event "87o Campeonato Brasileiro Absoluto Final Aberta"]
[Site "Cuiaba MT"]
[Date "2021.11.04"]
[Round "11"]
[Board "12"]
[White "Limp, Eduardo Thelio"]
[Black "Labussiere, Victor"]
[Result "0-1"]
[WhiteElo "2364"]
[BlackElo "2291"]
[PlyCount "80"]
[EventDate "2021.10.28"]
[EventRounds "11"]
[EventCountry "BRA"]

1. d4 Nf6 2. Nf3 g6 3. c3 Bg7 4. Bg5 O-O 5. Nbd2 d5 6. e3 c5 7. Be2 b6 8. O-O
Nc6 9. Ne5 Nxe5 10. dxe5 Nd7 11. f4 f6 12. Bf3 Nxe5 13. fxe5 fxg5 14. c4 Be6
15. cxd5 Bxd5 16. Ne4 e6 17. Nf6+ Bxf6 18. Bxd5 Qxd5 19. exf6 Qxd1 20. Raxd1
Rad8 21. a4 Kf7 22. a5 e5 23. axb6 axb6 24. b4 Rxd1 25. Rxd1 cxb4 26. Rb1 Rb8
27. Rxb4 b5 28. Kf2 Kxf6 29. Ke2 Ke6 30. Kd3 Kd5 31. h4 gxh4 32. Rxh4 b4 33.
Kc2 b3+ 34. Kb2 Rb7 35. Ra4 Ke6 36. Rh4 Kf5 37. g3 h5 38. Ra4 g5 39. Rc4 Rb5
40. Ra4 e4  0-1

[Event "87o Campeonato Brasileiro Absoluto Final Aberta"]
[Site "Cuiaba MT"]
[Date "2021.11.04"]
[Round "11"]
[Board "13"]
[White "Guimaraes, Diogo Duarte"]
[Black "Veiga, Emerson De Sousa"]
[Result "0-1"]
[WhiteElo "2264"]
[BlackElo "2072"]
[PlyCount "149"]
[EventDate "2021.10.28"]
[EventRounds "11"]
[EventCountry "BRA"]

1. e4 c5 2. Nf3 d6 3. Bb5+ Nd7 4. d4 cxd4 5. Qxd4 a6 6. Be2 e5 7. Qe3 Ngf6 8.
c4 Qb6 9. Nc3 Be7 10. Qxb6 Nxb6 11. Be3 Nbd7 12. Nd2 b6 13. O-O Bb7 14. a4 Bd8
15. b4 a5 16. bxa5 Rxa5 17. Rfb1 Bc6 18. Nb5 Ke7 19. Nb3 Ra8 20. f3 Nc5 21.
Nxc5 bxc5 22. Rd1 Ne8 23. Ra3 Bb6 24. Rb3 Bc7 25. Ra1 Ba5 26. Rd3 Ra6 27. Bd1
Bb4 28. Bb3 Bd7 29. Rad1 f6 30. Bd2 Bxd2 31. R1xd2 g5 32. Bd1 Be6 33. Bb3 h5
34. Rb2 Rf8 35. Nc3 Nc7 36. Ba2 Rfa8 37. Rd1 Bd7 38. Rdb1 Bc6 39. Bb3 Ne6 40.
Bd1 Nd4 41. Rb8 Kd7 42. Nd5 Bxd5 43. exd5 Rxb8 44. Rxb8 h4 45. Rb7+ Ke8 46. g3
hxg3 47. hxg3 Kf8 48. Kf2 Kg8 49. Ke3 Nf5+ 50. Kf2 Nd4 51. g4 Kf8 52. Ke3 Ke8
53. Kd2 Ra5 54. Kc3 Kf8 55. Rb2 Ra7 56. Ra2 Ra5 57. Kb2 Ke7 58. Ka3 Kf8 59. Rh2
Ke7 60. Rb2 Ra7 61. Rh2 Ra5 62. Bc2 Nxc2+ 63. Rxc2 f5 64. Rh2 e4 65. fxe4 f4
66. Rh7+ Kf6 67. Rh6+ Ke5 68. Re6+ Kd4 69. Rxd6 f3 70. Rf6 Kxe4 71. Rf5 Ra6 72.
Kb3 Ke3 73. Kc3 f2 74. Re5+ Kf3 75. Rxg5  0-1

[Event "87o Campeonato Brasileiro Absoluto Final Aberta"]
[Site "Cuiaba MT"]
[Date "2021.11.04"]
[Round "11"]
[Board "14"]
[White "Aranha Filho, Alvaro Z."]
[Black "Uczai, Joao Pedro Filimberti"]
[Result "1-0"]
[WhiteElo "2236"]
[BlackElo "2058"]
[PlyCount "58"]
[EventDate "2021.10.28"]
[EventRounds "11"]
[EventCountry "BRA"]

1. d4 e6 2. c4 f5 3. Nc3 Nf6 4. e3 d5 5. Bd3 c6 6. Nge2 Bd6 7. Qc2 O-O 8. h3
Ne4 9. O-O b6 10. f3 Nxc3 11. bxc3 Qe7 12. e4 fxe4 13. fxe4 Bh2+ 14. Kxh2 Rxf1
15. Nf4 Rxc1 16. Rxc1 e5 17. Ne2 Qd6 18. Kh1 Be6 19. exd5 cxd5 20. Bxh7+ Kh8
21. cxd5 Bxd5 22. Rd1 Nc6 23. Be4 exd4 24. Nxd4 Re8 25. Bxd5 Qxd5 26. Nf3 Qf7
27. Qa4 Qf6 28. Qg4 Rd8 29. Re1 Qf7  1-0

[Event "87o Campeonato Brasileiro Absoluto Final Aberta"]
[Site "Cuiaba MT"]
[Date "2021.11.04"]
[Round "11"]
[Board "15"]
[White "Jordao Barbosa, Marcio"]
[Black "Silva, Lucas Henrique Da"]
[Result "0-1"]
[WhiteElo "2183"]
[BlackElo "2158"]
[PlyCount "94"]
[EventDate "2021.10.28"]
[EventRounds "11"]
[EventCountry "BRA"]

1. e4 c5 2. Nf3 e6 3. d4 cxd4 4. Nxd4 a6 5. Nc3 Qc7 6. Be2 Nf6 7. O-O Nc6 8. a3
Nxd4 9. Qxd4 Bc5 10. Qd3 O-O 11. Kh1 h6 12. f4 d6 13. e5 dxe5 14. fxe5 Qxe5 15.
Bf4 Qf5 16. Qd1 Ne4 17. Nxe4 Qxe4 18. Bd3 Qd5 19. Qe2 f5 20. Rad1 Qc6 21. Bc4
Kh7 22. Bb3 b5 23. Rd2 Rf6 24. Rf3 Bb7 25. Rg3 Raf8 26. Be5 f4 27. Rf3 Rf5 28.
c3 Qe4 29. Bc2 Qxe2 30. Rxe2 Bxf3 31. gxf3 Kg8 32. Bxf5 Rxf5 33. Re4 g5 34. Kg2
Kf7 35. h4 Be3 36. b3 Kg6 37. Kh3 Kh5 38. c4 Rf8 39. Bd6 Rc8 40. Rxe6 bxc4 41.
bxc4 Rc6 42. Rf6 Bd4 43. Re6 Bc5 44. Bxc5 Rxe6 45. Bf8 Re3 46. Kg2 Kxh4 47.
Bxh6 Rxa3  0-1

[Event "87o Campeonato Brasileiro Absoluto Final Aberta"]
[Site "Cuiaba MT"]
[Date "2021.11.04"]
[Round "11"]
[Board "16"]
[White "Zallio, Luciano De Souza"]
[Black "Rocha, Vitor Firmo De Souza"]
[Result "0-1"]
[WhiteElo "2163"]
[BlackElo "2176"]
[PlyCount "80"]
[EventDate "2021.10.28"]
[EventRounds "11"]
[EventCountry "BRA"]

1. Nf3 Nf6 2. e3 g6 3. b3 Bg7 4. Bb2 O-O 5. c4 c5 6. d4 cxd4 7. Nxd4 Nc6 8. Be2
d6 9. Bf3 Bd7 10. O-O Qa5 11. Nc3 Rfc8 12. a3 Rab8 13. Rc1 a6 14. b4 Qd8 15.
Qb3 Nxd4 16. exd4 b5 17. c5 Bf5 18. Rfe1 Bd3 19. a4 Bc4 20. Qc2 d5 21. axb5
axb5 22. Ra1 Ra8 23. Be2 Qd7 24. Bd3 Nh5 25. Rxa8 Rxa8 26. Bxc4 dxc4 27. Qe4
Re8 28. Nd5 Nf6 29. Nxf6+ Bxf6 30. g3 Rd8 31. Ra1 Kg7 32. Ra8 Rxa8 33. Qxa8 Qf5
34. Kg2 Qd3 35. Qf3 Qxf3+ 36. Kxf3 Kf8 37. Ke4 e6 38. Bc1 Ke8 39. d5 Bc3 40.
Ba3 f5+  0-1